Sistema de cuentas económicas y ecológicas de México : (Record no. 120303)

MARC details
000 -CABECERA
campo de control de longitud fija 00789nam a2200205 a 4500
005 - FECHA Y HORA DE LA ÚLTIMA TRANSACCIÓN
campo de control 20210223130105.0
008 - ELEMENTOS DE LONGITUD FIJA--INFORMACIÓN GENERAL
campo de control de longitud fija 061127s2000 mx r 000 0 spa d
020 ## - NÚMERO INTERNACIONAL NORMALIZADO PARA LIBROS
Número Internacional Estándar del Libro 9701328531
035 ## - NÚMERO DE CONTROL DEL SISTEMA
Número de control de sistema UPN01000148161
049 ## - COLECCIÓN
Colección C
050 #4 - SIGNATURA TOPOGRÁFICA DE LA BIBLIOTECA DEL CONGRESO
Número de clasificación HA765
Número de documento/Ítem E3.7 1998
110 2# - ASIENTO PRINCIPAL--NOMBRE CORPORATIVO
Nombre de entidad corporativa o nombre de jurisdicción como elemento de entrada Instituto Nacional de Estadística, Geografía e Informática (México)
245 10 - MENCIÓN DE TÍTULO
Título Sistema de cuentas económicas y ecológicas de México :
Resto del título 1993-1998 /
Mención de responsabilidad, etc. Instituto Nacional de Estadística, Geografía e Informática.
260 ## - PUBLICACIÓN, DISTRIBUCIÓN, ETC.
Lugar de publicación, distribución, etc. Aguascalientes :
Nombre del editor, distribuidor, etc. INEGI,
Fecha de publicación, distribución, etc. c2000.
300 ## - DESCRIPCIÓN FÍSICA
Extensión xiii, 136 p. :
Otras características físicas cuadros
650 #4 - ASIENTO SECUNDARIO DE MATERIA - TERMINO TEMATICO
Término de materia o nombre geográfico como elemento de entrada ECOLOGIA -
Subdivisión general ASPECTOS ECONOMICOS -
Subdivisión geográfica MEXICO
9 (RLIN) 12543
650 #4 - ASIENTO SECUNDARIO DE MATERIA - TERMINO TEMATICO
Término de materia o nombre geográfico como elemento de entrada RECURSOS NATURALES -
Subdivisión geográfica MEXICO -
Subdivisión de forma ESTADISTICA
650 #4 - ASIENTO SECUNDARIO DE MATERIA - TERMINO TEMATICO
Término de materia o nombre geográfico como elemento de entrada FINANZAS PUBLICAS -
Subdivisión geográfica MEXICO -
Subdivisión de forma ESTADISTICA
9 (RLIN) 17757
905 ## - TIPO DE MATERIAL
Tipo de material Libro
Holdings
Estado de retiro Estado de pérdida Fuente del sistema de clasificación o colocación Estado dañado No para préstamo Código de colección Localización permanente Ubicación/localización actual Ubicación en estantería Total de préstamos Clasificación Código de barras Fecha visto por última vez Número de copia Tipo de ítem Koha
    Library of Congress Classification   Consulta Consulta Bib. Gregorio Torres Quintero Bib. Gregorio Torres Quintero Sala de lectura Sótano   HA765 E2.7 1998 197010 31/12/2020 1 Libro
    Library of Congress Classification   Consulta Consulta Bib. Gregorio Torres Quintero Bib. Gregorio Torres Quintero Sala de lectura Sótano   HA765 E2.7 1998 184222 31/12/2020 1 Libro